Pays les plus proches de Corée du Sud - sprint d'une minute - Statistiques

Statistiques générales
  • Ce quiz a été pris 219 fois
  • Le résultat moyen est 14 sur 21
Statistiques - réponses
km pays % Correct
0 Corée du Nord
100%
263 Chine
99%
50 Japon
99%
455 Russie
92%
2766 Thaïlande
82%
2221 Viêt Nam
82%
2712 Inde
79%
990 Taïwan
79%
1040 Mongolie
78%
3334 Indonésie
74%
2603 Laos
73%
2789 Cambodge
71%
1434 Philippines
68%
3014 Malaisie
62%
2615 Birmanie
51%
3301 Bangladesh
42%
3323 Bhoutan
41%
3217 Kazakhstan
32%
3334 Brunei
24%
2956 Palaos
16%
2879 Micronésie
15%
Aucun quiz correspondant
Distribution des résultats
% des personnes avec chaque résultat
Percentile par nombre de réponses
Votre historique - résultats
Vous n’avez pas pris ce quiz